Library Banner

Pakistan transition to democracy : joint study of Indian and Pakistani scholars/ (Record no. 100309)

MARC details
000 -LEADER
fixed length control field 00537nam a22001817a 4500
005 - DATE AND TIME OF LATEST TRANSACTION
control field 20171129121020.0
008 - FIXED-LENGTH DATA ELEMENTS--GENERAL INFORMATION
fixed length control field 171124b xxu||||| |||| 00| 0 eng d
020 ## - INTERNATIONAL STANDARD BOOK NUMBER
International Standard Book Number 8170501008
040 ## - CATALOGING SOURCE
Transcribing agency PK-LaUMT
082 ## - DEWEY DECIMAL CLASSIFICATION NUMBER
Classification number PKAC 321.85491
Item number HAK-P
100 ## - MAIN ENTRY--PERSONAL NAME
Personal name Haksar , P.N.
245 ## - TITLE STATEMENT
Title Pakistan transition to democracy : joint study of Indian and Pakistani scholars/
Statement of responsibility, etc P.N. Haksar
260 ## - PUBLICATION, DISTRIBUTION, ETC. (IMPRINT)
Place of publication, distribution, etc New Delhi:
Name of publisher, distributor, etc Patriot publishers,
Date of publication, distribution, etc 1989
300 ## - PHYSICAL DESCRIPTION
Extent 216 p.
546 ## - LANGUAGE NOTE
Language note EN
700 ## - ADDED ENTRY--PERSONAL NAME
Personal name Kalim Bahadur and Uma Singh(Editors)
942 ## - ADDED ENTRY ELEMENTS (KOHA)
Koha item type Books
Holdings
Withdrawn status Lost status Damaged status Home library Current library Date acquired Full call number Barcode Date last seen Price effective from Koha item type
      UMT Main Campus UMT Main Campus 2017-11-29 PKAC 321.85491 HAK-P 116102 2017-11-29 2017-11-29 Books